000 01385cam a22002891i 4500
003 SA_RiAUC
005 20241014142158.0
008 241014s2011____su g 000 0 ara c
040 _aSA-RiIMS
_bara
_cSA-RiAUC
_erda
082 0 4 _a230
_qSA-RiAUC
090 _a230
_b ص ن ع
100 1 _aالصنعاني، محمد بن إسماعيل بن صلاح،
_d1099-1182 هجري
_eمؤلف.
245 1 0 _aتوضيح الأفكار :
_bشرح تنقيح الأنظار /
_cمحمد بن إسماعيل بن صلاح الأمير الصنعاني ؛ حققه وعلق عليه محمد محب الدين أبو زيد.
246 3 0 _aشرح تنقيح الأنظار
250 _aالطبعة الأولى.
264 1 _aالرياض :
_bمكتبة الرشد،
_c2011
300 _aمجلدات ؛
_c24 سم
336 _aنص
_btxt
_2rdacontent
_3كتاب
337 _aبدون وسيط
_bn
_2rdamedia
338 _aمجلد
_bnc
_2rdacarrier
650 7 _aعلم الحديث
_2aucsh
700 1 _aأبو زيد، محمد محب الدين
_eمحقق.
700 1 2 _aابن الوزير، محمد بن إبراهيم بن علي،
_d775-840 هجري
_tتنقيح الأنظار في تنقيد أحاديث الأبرار.
740 0 2 _aتنقيح الأنظار في تنقيد أحاديث الأبرار.
942 _2ddc
_cBOOK
_n0
949 _aSA-JeALM
_d241014
_umohamedma123
_n1
999 _c1309
_d1309